[Event "First Saturday 2010 junius GM"]
[Site "Budapest"]
[Date "2010.06.10"]
[Round "6"]
[White "Husari, Satea"]
[Black "Fogarasi, Tibor"]
[Result "1/2-1/2"]
[WhiteElo "2334"]
[BlackElo "2425"]
[PlyCount "20"]
[EventDate "2010.06.05"]

1. d4 Nf6 2. Nf3 g6 3. g3 Bg7 4. Bg2 d5 5. O-O O-O 6. Nbd2 Bf5 7. c4 c6 8. b3
a5 9. Bb2 a4 10. bxa4 Qa5 1/2-1/2

[Event "First Saturday 2010 junius GM"]
[Site "Budapest"]
[Date "2010.06.10"]
[Round "6"]
[White "Mihok, Oliver"]
[Black "Balog, Imre"]
[Result "0-1"]
[WhiteElo "2425"]
[BlackElo "2494"]
[PlyCount "146"]
[EventDate "2010.06.05"]

1. e4 e6 2. d4 d5 3. Nc3 Nf6 4. Bg5 dxe4 5. Nxe4 Be7 6. Bxf6 gxf6 7. Nf3 a6 8.
Bc4 Nc6 9. Qd2 b5 10. Bb3 Nb4 11. Nxf6+ Bxf6 12. Qxb4 Bb7 13. O-O-O Bxf3 14.
gxf3 Qd6 15. Qe1 Qf4+ 16. Qe3 Bg5 17. Qxf4 Bxf4+ 18. Kb1 Ke7 19. h3 Rag8 20.
Rdg1 Bh2 21. Rf1 Rg2 22. c3 Rhg8 23. Bc2 h6 24. Be4 Bf4 25. Kc2 f5 26. Bd3 Be3
27. a4 Bxf2 28. axb5 axb5 29. Kb3 Rb8 30. d5 exd5 31. Bxf5 b4 32. c4 Bd4 33.
cxd5 Rxb2+ 34. Kc4 Bc3 35. Be4 Bh8 36. Rb1 Rd2 37. Kb3 Bc3 38. Rhg1 Rb6 39.
Rbd1 Rh2 40. Rh1 Rb2+ 41. Kc4 Bf6 42. Rhe1 Kf8 43. Ra1 Be7 44. Ra8+ Kf7 45. Rh8
Rg2 46. Bf5 Rg7 47. Be6+ Kf6 48. Rxh6+ Kg5 49. Rh8 Kf4 50. Rh5 Rg2 51. Rf5+ Kg3
52. Rf7 Rc2+ 53. Kb3 Rc3+ 54. Kb2 Bd6 55. Re2 Rc4 56. f4 Rxf4 57. Rxf4 Kxf4 58.
Kb3 Rb8 59. Rf2+ Ke3 60. Rg2 Ra8 61. Ra2 Rf8 62. Bg4 Kd4 63. Rd2+ Kc5 64. Rd1
Rf2 65. Be6 Rf3+ 66. Kc2 b3+ 67. Kb1 Kb4 68. Re1 Ka3 69. Bg4 Rf2 70. h4 Bb4 71.
Rh1 Rb2+ 72. Kc1 Bd2+ 73. Kd1 Rb1+ 0-1

[Event "First Saturday 2010 junius GM"]
[Site "Budapest"]
[Date "2010.06.11"]
[Round "7"]
[White "Balog, Imre"]
[Black "Vajda, Levente"]
[Result "1-0"]
[WhiteElo "2494"]
[BlackElo "2519"]
[PlyCount "79"]
[EventDate "2010.06.05"]

1. c4 Nf6 2. g3 g6 3. Bg2 Bg7 4. Nc3 O-O 5. e4 e5 6. Nge2 Nc6 7. O-O d6 8. d3
h6 9. h3 Nh7 10. Be3 Ng5 11. Kh2 Ne6 12. Qd2 Kh7 13. f4 f5 14. exf5 gxf5 15.
Rf2 Ncd4 16. Raf1 c6 17. h4 a5 18. Bh3 Nc5 19. Ng1 b6 20. Nce2 Ra7 21. fxe5
dxe5 22. Bxd4 exd4 23. Bxf5+ Bxf5 24. Rxf5 Rxf5 25. Rxf5 Re7 26. Rf3 Qe8 27.
Kg2 Nd7 28. Qd1 Ne5 29. Rf4 Ng6 30. Rf2 Re3 31. Rf3 c5 32. h5 Ne5 33. Rxe3 dxe3
34. Nf4 Nc6 35. b3 Nd4 36. Qg4 b5 37. Nge2 bxc4 38. Nxd4 cxd4 39. bxc4 Qf7 40.
Qf3 1-0

[Event "First Saturday 2010 junius GM"]
[Site "Budapest"]
[Date "2010.06.11"]
[Round "7"]
[White "Fogarasi, Tibor"]
[Black "Mihok, Oliver"]
[Result "1/2-1/2"]
[WhiteElo "2425"]
[BlackElo "2425"]
[PlyCount "44"]
[EventDate "2010.06.05"]

1. e4 c5 2. Nf3 e6 3. d4 cxd4 4. Nxd4 Nf6 5. Bd3 Nc6 6. Nxc6 bxc6 7. O-O d5 8.
Nd2 Be7 9. b3 O-O 10. Bb2 a5 11. c4 Ba6 12. Qe2 a4 13. Rad1 Re8 14. cxd5 Bxd3
15. Qxd3 cxd5 16. Bxf6 Bxf6 17. exd5 axb3 18. axb3 Ra5 19. d6 Rd5 20. Qf3 Be5
21. Nc4 Bxd6 22. Rxd5 exd5 1/2-1/2

[Event "First Saturday 2010 junius GM"]
[Site "Budapest"]
[Date "2010.06.11"]
[Round "7"]
[White "Ilincic, Zlatko"]
[Black "Husari, Satea"]
[Result "1-0"]
[WhiteElo "2447"]
[BlackElo "2334"]
[PlyCount "75"]
[EventDate "2010.06.05"]

1. d4 Nf6 2. c4 g6 3. g3 Bg7 4. Bg2 O-O 5. Nc3 d6 6. Nf3 Nc6 7. O-O Bf5 8. d5
Na5 9. Nd4 Bd7 10. b3 c5 11. dxc6 bxc6 12. e4 e5 13. Nde2 Be6 14. f4 exf4 15.
gxf4 Bg4 16. Ba3 Re8 17. e5 dxe5 18. Qxd8 Rexd8 19. Bb4 Nb7 20. Bxc6 Rab8 21.
Be7 Rdc8 22. fxe5 Rxc6 23. Bxf6 Bf8 24. Nd4 Bc5 25. Rf4 Bh3 26. b4 Bb6 27. c5
Nxc5 28. bxc5 Bxc5 29. Na4 Rbc8 30. Nxc5 Rxc5 31. Kf2 Ra5 32. Kg3 Be6 33. Nxe6
fxe6 34. Rd1 Ra3+ 35. Rf3 Rxf3+ 36. Kxf3 Rc2 37. Rd8+ Kf7 38. Rd7+ 1-0

[Event "First Saturday 2010 junius GM"]
[Site "Budapest"]
[Date "2010.06.11"]
[Round "7"]
[White "Toth, Ervin"]
[Black "Kislik, Erik Andrew"]
[Result "1-0"]
[WhiteElo "2360"]
[BlackElo "2353"]
[PlyCount "59"]
[EventDate "2010.06.05"]

1. d4 d5 2. c4 e6 3. Nc3 Nf6 4. cxd5 exd5 5. Bg5 Be7 6. Qc2 O-O 7. e3 h6 8. Bf4
Be6 9. Bd3 Nbd7 10. Nf3 Rc8 11. Qb3 c5 12. Qxb7 Nh5 13. Be5 Nxe5 14. Nxe5 cxd4
15. exd4 Nf4 16. g3 f6 17. gxf4 fxe5 18. fxe5 Rb8 19. Qxa7 Rxb2 20. Rg1 Rfxf2
21. Qa6 Qc8 22. Qxc8+ Bxc8 23. Nxd5 Bh4 24. O-O-O Rxa2 25. Nf6+ Kf8 26. Ne4
Rxh2 27. Rdf1+ Ke8 28. Nd6+ Kd7 29. Rxg7+ Be7 30. Bb5+ 1-0

[Event "First Saturday 2010 junius GM"]
[Site "Budapest"]
[Date "2010.06.11"]
[Round "7"]
[White "Nadig, Kruttika"]
[Black "Kovacs, Gabor"]
[Result "0-1"]
[WhiteElo "2236"]
[BlackElo "2521"]
[PlyCount "136"]
[EventDate "2010.06.05"]

1. e4 e5 2. Nf3 Nc6 3. Bb5 a6 4. Ba4 d6 5. O-O Bd7 6. d4 exd4 7. Nxd4 Be7 8.
Nxc6 Bxc6 9. Bxc6+ bxc6 10. Qg4 Bf6 11. Nd2 Rb8 12. c3 Ne7 13. f4 Ng6 14. Nf3
O-O 15. Re1 Re8 16. g3 Rb5 17. a4 Rb3 18. h4 Nf8 19. e5 dxe5 20. fxe5 Be7 21.
Bh6 Ng6 22. Rad1 Qc8 23. Qxc8 Rxc8 24. Bc1 Nf8 25. Nd2 Rbb8 26. Nc4 Re8 27. Kg2
Bc5 28. b4 Ba7 29. Be3 Bxe3 30. Rxe3 Ne6 31. Rd7 Red8 32. Red3 Rxd7 33. Rxd7
Kf8 34. Na5 c5 35. bxc5 Rb2+ 36. Kh3 Rc2 37. c4 Rc3 38. Kg2 Ke8 39. c6 Ra3 40.
Rd5 Rxa4 41. h5 h6 42. Kf3 Ra3+ 43. Kg2 Ra2+ 44. Kg1 Re2 45. Nb7 Rc2 46. Na5
Rb2 47. Rd3 Nd8 48. Rd5 Rb6 49. Rc5 Ke7 50. Kg2 Ke6 51. Kh3 Kf5 52. Rd5 Ne6 53.
Kg2 Rb2+ 54. Kf1 Ra2 55. Nb7 Ra4 56. c5 Ra1+ 57. Kg2 Ra2+ 58. Kf1 Ra3 59. Nd6+
Kg4 60. Ke1 Rc3 61. Nxf7 Rxc5 62. Rxc5 Nxc5 63. Nd6 Nd3+ 64. Ke2 Nxe5 65. Ne8
Nxc6 66. Nxc7 a5 67. Kf2 a4 68. Nb5 Ne5 0-1

[Event "First Saturday 2010 junius GM"]
[Site "Budapest"]
[Date "2010.06.12"]
[Round "8"]
[White "Vajda, Levente"]
[Black "Kovacs, Gabor"]
[Result "1/2-1/2"]
[WhiteElo "2519"]
[BlackElo "2521"]
[PlyCount "31"]
[EventDate "2010.06.05"]

1. e4 e5 2. Nf3 Nc6 3. Bc4 Bc5 4. O-O d6 5. c3 Nf6 6. d4 Bb6 7. dxe5 dxe5 8.
Qe2 Qe7 9. Na3 O-O 10. Nc2 Be6 11. Bb5 Bd7 12. Bg5 a6 13. Bc4 Be6 14. Rad1 Bxc4
15. Qxc4 Rad8 16. Be3 1/2-1/2

[Event "First Saturday 2010 junius GM"]
[Site "Budapest"]
[Date "2010.06.12"]
[Round "8"]
[White "Kislik, Erik Andrew"]
[Black "Nadig, Kruttika"]
[Result "1/2-1/2"]
[WhiteElo "2353"]
[BlackElo "2236"]
[PlyCount "50"]
[EventDate "2010.06.05"]

1. e4 c5 2. Nf3 g6 3. d4 Bg7 4. Nc3 Qa5 5. g3 Nf6 6. Qe2 Nc6 7. Bd2 Nxd4 8.
Nxd4 cxd4 9. Nd5 Qd8 10. Nxf6+ Bxf6 11. e5 Bg7 12. O-O-O d6 13. Bf4 g5 14. Bxg5
Bxe5 15. Qb5+ Bd7 16. Qxb7 Rb8 17. Qxa7 Ra8 18. Qb7 Rxa2 19. Kb1 Ra8 20. Bb5
Bxb5 21. Qxb5+ Qd7 22. Qxd7+ Kxd7 23. b3 Rhc8 24. Rhe1 Ke8 25. Bc1 f5 1/2-1/2

[Event "First Saturday 2010 junius GM"]
[Site "Budapest"]
[Date "2010.06.12"]
[Round "8"]
[White "Husari, Satea"]
[Black "Toth, Ervin"]
[Result "0-1"]
[WhiteElo "2334"]
[BlackElo "2360"]
[PlyCount "126"]
[EventDate "2010.06.05"]

1. Nf3 Nf6 2. g3 g6 3. b4 Bg7 4. Bb2 O-O 5. Bg2 d5 6. O-O a5 7. b5 c5 8. bxc6
Nxc6 9. a4 Qb6 10. Qc1 Re8 11. Na3 e5 12. Nb5 Bf8 13. e3 Bg4 14. h3 Bxf3 15.
Bxf3 Rac8 16. Qb1 Red8 17. Ba3 Bxa3 18. Nxa3 Qc5 19. Qb5 Qe7 20. c3 e4 21. Be2
h5 22. Nc2 h4 23. g4 Nh7 24. f4 exf3 25. Bxf3 Ng5 26. Bg2 Ne4 27. Qe2 Rd6 28.
Nd4 Rcd8 29. Rab1 Ne5 30. Bxe4 dxe4 31. Rb5 b6 32. Kh1 Rf6 33. Rbb1 Nf3 34.
Rbd1 Qe5 35. Qg2 Nxd4 36. exd4 Rxf1+ 37. Rxf1 Qe7 38. Re1 Re8 39. Qf2 Kg7 40.
Kg1 Qg5 41. Qe3 Qxe3+ 42. Rxe3 Kh6 43. d3 f5 44. gxf5 gxf5 45. dxe4 fxe4 46. c4
Kg5 47. Rb3 Rc8 48. Rc3 Kf4 49. c5 bxc5 50. dxc5 Rc6 51. Kf2 Ke5 52. Rc1 Kd4
53. Rd1+ Kxc5 54. Ke3 Kb4 55. Kxe4 Rc3 56. Rh1 Kxa4 57. Kf4 Rg3 58. Ke4 Kb5 59.
Rb1+ Ka6 60. Rb8 Rxh3 61. Ra8+ Kb5 62. Rb8+ Ka4 63. Kf4 Rb3 0-1

[Event "First Saturday 2010 junius GM"]
[Site "Budapest"]
[Date "2010.06.12"]
[Round "8"]
[White "Mihok, Oliver"]
[Black "Ilincic, Zlatko"]
[Result "1-0"]
[WhiteElo "2425"]
[BlackElo "2447"]
[PlyCount "69"]
[EventDate "2010.06.05"]

1. e4 c5 2. Nf3 d6 3. d4 cxd4 4. Nxd4 Nf6 5. Nc3 a6 6. Be3 h5 7. a4 g6 8. Be2
Bg7 9. h3 Nc6 10. O-O Nxd4 11. Bxd4 e5 12. Be3 Be6 13. Bg5 Rc8 14. Bxf6 Bxf6
15. Nd5 Bxd5 16. Qxd5 Rxc2 17. Bc4 Qc7 18. b3 Bg5 19. Rad1 Rh7 20. Qd3 Ra2 21.
h4 Bxh4 22. Qb1 Rxf2 23. Rxf2 Qc5 24. Qa2 f5 25. Kf1 fxe4 26. g3 Bxg3 27. Rf6
Kd7 28. Qg2 h4 29. Qxe4 Kc7 30. Rdxd6 Rg7 31. Rd3 Kb8 32. Rd8+ Ka7 33. Rxa6+
bxa6 34. Qa8+ Kb6 35. Qxa6+ 1-0

[Event "First Saturday 2010 junius GM"]
[Site "Budapest"]
[Date "2010.06.12"]
[Round "8"]
[White "Balog, Imre"]
[Black "Fogarasi, Tibor"]
[Result "1/2-1/2"]
[WhiteElo "2494"]
[BlackElo "2425"]
[PlyCount "45"]
[EventDate "2010.06.05"]

1. c4 Nf6 2. g3 c6 3. Nf3 d5 4. b3 g6 5. Bb2 Bg7 6. Bg2 O-O 7. O-O a5 8. Nc3
Ne4 9. cxd5 cxd5 10. d4 Nc6 11. Nxe4 dxe4 12. Ne5 Nxe5 13. dxe5 Bf5 14. Qd4 a4
15. e3 h5 16. Rfd1 Qxd4 17. exd4 Rfc8 18. Ba3 e6 19. Bd6 Bf8 20. Bxf8 Kxf8 21.
f3 exf3 22. Bxf3 axb3 23. axb3 1/2-1/2

[Event "First Saturday 2010 junius GM"]
[Site "Budapest"]
[Date "2010.06.13"]
[Round "9"]
[White "Ilincic, Zlatko"]
[Black "Balog, Imre"]
[Result "0-1"]
[WhiteElo "2447"]
[BlackElo "2494"]
[PlyCount "86"]
[EventDate "2010.06.05"]

1. d4 Nf6 2. c4 g6 3. g3 Bg7 4. Bg2 O-O 5. Nc3 Nc6 6. f4 Na5 7. Qd3 d6 8. b4
Nc6 9. b5 Na5 10. Nf3 a6 11. Bb2 axb5 12. cxb5 Bf5 13. e4 Nxe4 14. Nxe4 d5 15.
Nfd2 c5 16. O-O cxd4 17. Rac1 Qb6 18. Rc2 Rac8 19. Rfc1 Rc3 20. Bxc3 dxc3+ 21.
Kh1 cxd2 22. Rxd2 dxe4 23. Bxe4 Bxe4+ 24. Qxe4 Bf6 25. Qe2 Rd8 26. g4 h6 27.
Rxd8+ Qxd8 28. Qd1 Bd4 29. Qf3 Kg7 30. Rd1 Qb6 31. h4 e5 32. fxe5 Bxe5 33. Rd7
Qe6 34. Qd5 Qf6 35. Kg2 Qf4 36. Qf3 Qh2+ 37. Kf1 Qxa2 38. Qd5 Qxd5 39. Rxd5 Kf6
40. b6 Nc4 41. Rd7 Nd6 42. Kg2 Ke6 43. Rc7 Bd4 0-1

[Event "First Saturday 2010 junius GM"]
[Site "Budapest"]
[Date "2010.06.13"]
[Round "9"]
[White "Toth, Ervin"]
[Black "Mihok, Oliver"]
[Result "0-1"]
[WhiteElo "2360"]
[BlackElo "2425"]
[PlyCount "80"]
[EventDate "2010.06.05"]

1. d4 d5 2. c4 c6 3. Nc3 Nf6 4. e3 e6 5. Nf3 Nbd7 6. Qc2 Bd6 7. g4 h6 8. Bd2
dxc4 9. Bxc4 b5 10. Bd3 Bb7 11. Rg1 a6 12. g5 hxg5 13. Nxg5 Qe7 14. Nge4 Rxh2
15. Rxg7 Rh1+ 16. Bf1 Kf8 17. Nxd6 Qxd6 18. Rg5 c5 19. dxc5 Nxc5 20. O-O-O Rc8
21. Be1 Qe7 22. Bg2 Bxg2 23. Rxg2 b4 24. Kb1 bxc3 25. Bxc3 Rxd1+ 26. Qxd1 Nce4
27. Be5 Qc5 28. Bd4 Qf5 29. Ka1 Qf3 30. Rg1 Qxd1+ 31. Rxd1 Nxf2 32. Rf1 N6e4
33. a4 Ke7 34. Ka2 Kd6 35. Ka3 e5 36. Bb6 Rc2 37. Kb3 Re2 38. Rg1 Nd3 39. Rd1
Rxb2+ 40. Kc4 Nef2 0-1

[Event "First Saturday 2010 junius GM"]
[Site "Budapest"]
[Date "2010.06.13"]
[Round "9"]
[White "Kovacs, Gabor"]
[Black "Kislik, Erik Andrew"]
[Result "1-0"]
[WhiteElo "2521"]
[BlackElo "2353"]
[PlyCount "87"]
[EventDate "2010.06.05"]

1. Nf3 Nf6 2. c4 g6 3. Nc3 d5 4. Qa4+ Nc6 5. Ne5 Bd7 6. Nxd7 Qxd7 7. cxd5 Nxd5
8. Qb3 Ndb4 9. e3 O-O-O 10. a3 Nd5 11. Nxd5 Qxd5 12. Qxd5 Rxd5 13. Bc4 Rd6 14.
f4 Bg7 15. d4 f6 16. Bd2 e5 17. d5 Nd8 18. fxe5 fxe5 19. e4 Rf6 20. Bg5 Rff8
21. Rc1 Kb8 22. d6 cxd6 23. Be7 Rf4 24. Bxd6+ Ka8 25. Bd5 Nf7 26. Be7 Bf6 27.
Rc7 Bxe7 28. Rxb7 Bh4+ 29. g3 Rd8 30. Rxf7+ Rxd5 31. Rxf4 Rc5 32. Rf8+ Kb7 33.
O-O Bg5 34. Kg2 Be3 35. R1f3 Rc2+ 36. Kh3 Bg1 37. R8f7+ Kc8 38. Rg7 Rxh2+ 39.
Kg4 Bb6 40. Rf8+ Bd8 41. Rxa7 h5+ 42. Kf3 Rd2 43. Ke3 Rd6 44. Rg8 1-0